期刊信息 |
| 索取号 |
C5/QQH
|
| 题名 |
齐齐哈尔师范学院学报
|
| 作者 |
齐齐哈尔师范学院学报编辑部
|
| 分册号 |
|
| 分册名 |
|
| 出版地 |
齐齐哈尔(黑龙江)
|
| 出版者 |
该刊编辑部
|
| 标准刊号 |
1001-473X
|
| 出版频率 |
双月刊
|
| 中图法分类 |
G65
|
| 主题词 |
社会科学 丛书; 社会科学 文集; 社会科学 连续出版物
|
| 电子资源 | |
| |
|
| 000 | 01122nas0 2200361 45 | |
| 001 | 1196061419 | |
| 005 | 20070720083025.42 | |
| 011 | @a1001-473X@dCNY2.20(1989) | |
| 100 | @a19951116 199 ekmy0chiy0120 ea | |
| 101 | 0 | @achi |
| 102 | @aCN@b110000 | |
| 105 | @ay z 000yy | |
| 200 | 1 | @a齐齐哈尔师范学院学报@AQi Qi Ha Er Shi Fan Xue Yuan Xue Bao@f齐齐哈尔师范学院学报编辑部@FQi Qi Ha Er Shi Fan Xue Yuan Xue Bao Bian Ji Bu@i哲学社会科学版 |
| 207 | 0 | @a=总~ |
| 210 | @a齐齐哈尔(黑龙江)@c该刊编辑部@d199~ | |
| 215 | @d26cm | |
| 326 | @a双月刊@b1988~ | |
| 326 | @a季刊@b~1987 | |
| 440 | 1 | @12001 @a齐齐哈尔师范学院学报 |
| 517 | 1 | @a哲学社会科学版@AZhe Xue She Hui Ke Xue Ban |
| 541 | 1 | @aJournal of Qiqihaer Normal College@zeng |
| 606 | 0 | @a社会科学@x丛书 |
| 606 | 0 | @a社会科学@x文集 |
| 606 | 0 | @a社会科学@x连续出版物 |
| 676 | @a378@v19 | |
| 690 | @aG65@v3 | |
| 690 | @aC@v3 | |
| 690 | @aC5@v4 | |
| 692 | @v2 | |
| 701 | 0 | @4主编 |
| 711 | 02 | @4主办@a齐齐哈尔师范学院学报编辑部@AQi Qi Ha Er Shi Fan Xue Yuan Xue Bao Bian Ji Bu |
| 801 | 0 | @aCN@bPFT@c20070720 |
| 905 | @a1@cQ@dC5@eQQH | |
| 齐齐哈尔师范学院学报/齐齐哈尔师范学院学报编辑部.哲学社会科学版.-=总~.-齐齐哈尔(黑龙江):该刊编辑部,199~ |
| 26cm |
| 由:继承 |
| ISSN 1001-473X:CNY2.20(1989) |
| ● |
| 相关链接: |
|
|
|
|